00413nam a22001217a 4500008004100000082001800041100004600059110004900105245006200154260005300216300000900269440001300278230619b xxu||||| |||| 00| 0 eng d a304.67bMOFEP cMinistry of Finance and Economic planning bEconomics and ststistics divisiondJuly 1964 aKenya Population Census 1962bAdvance Report of Volumes 1 aKenyabMinistry of finance and Economic Planning a125p vVolume 1